[Event "Ivrea op-B 11th"]
[Site "Ivrea"]
[Date "2005.05.27"]
[Round "1"]
[White "Cordoglio, Simone"]
[Black "Verardi, Gianparide"]
[Result "0-1"]
[WhiteElo "1422"]
[BlackElo "1622"]
[PlyCount "44"]
[EventDate "2005.05.27"]
[EventType "swiss"]
[EventRounds "5"]
[EventCountry "ITA"]
[SourceTitle "EXT 2024"]
[Source "ChessBase"]
[SourceDate "2023.10.10"]
[SourceVersion "1"]
[SourceVersionDate "2023.10.10"]
[SourceQuality "1"]

1. d4 Nf6 2. Nf3 g6 3. Bf4 d6 4. e3 Bg7 5. h3 0-0 6. Nbd2 b6 7. Bd3 Bb7 8. c3 Nbd7 9. Qe2 Re8 10. Nc4 Nh5 11. Bh2 e5 12. dxe5 dxe5 13. e4 Nf4 14. Bxf4 exf4 15. 0-0-0 Qe7 16. Ncd2 Nc5 17. Rde1 Rad8 18. Bc2 Ba6 19. c4 Ne6 20. Ba4 Qb4 21. Bxe8 Qxb2+ 22. Kd1 Qb1# 0-1